000 01044nam a22001937a 4500
999 _c56938
_d56938
003 Ge_BSU
005 20190628150941.0
008 190628s1988 ||||| |||| 00| 0 geo d
041 _ageo
080 _a 621.7/9(075.32) + 669.02/09(075.32 ა-65
100 _aანდრიაშვილი, იოსებ.
_93050
245 _aლითონთა ტექნოლოგია : საკონსტრუქციო მასალების ტექნოლოგია :
_b სახელმძღვ. ტექნიკუმებისათვის /
_cიოსებ ანდრიაშვილი.
250 _a მე-3 შევსებული და გადამუშავებული გამოცემა
264 _aთბილისი :
_bგანათლება,
_c1988.
300 _a424 გვ. :
_b ილ. ;
_c22 სმ.
504 _aბიბლიოგრ.: გვ. 418.
653 _a ლითონების ტექნოლოგია
942 _2udc
_cBK